[Event "EYCC Girls U16 2021"]
[Site "Tornelo"]
[Date "2021.10.15"]
[Round "6.11"]
[White "Dereka, Konstantina"]
[Black "Pipiras, Filipa Fortuna"]
[Result "0-1"]
[WhiteElo "1479"]
[BlackElo "1995"]
[Annotator "TA"]
[PlyCount "54"]
[EventDate "2021.10.15"]
[EventType "swiss"]
[EventCountry "NET"]
[SourceTitle "playchess.com"]
[Source "ChessBase"]
[SourceQuality "1"]

{[%evp 24,54,0,-15,-14,-15,-15,-43,-16,-33,-4,-10,0,7,7,-72,-85,-156,-138,-153,-143,-160,-154,-151,-163,-164,-151,-159,-159,-262,-251,-473,-404]} 1. d4 d5 2. c4 dxc4 3. e3 Nf6 4. Bxc4 e6 5. Nf3 a6 6. O-O b5 7. Bd3 Bb7 8. Nc3 c5 9. a3 Nbd7 10. Qe2 Bd6 11. Rd1 Qb8 12. h3 O-O 13. Bc2 cxd4 {D48: Semi-Slav: Meran System: 7...b5 8 Bd3 a6.} 14. exd4 {[#]} Rc8 $146 ({Predecessor:} 14... h6 15. Re1 Rc8 16. Ne5 Bxe5 17. dxe5 Nd5 18. Qd3 Nf8 19. Bd2 Nxc3 20. Bxc3 Bd5 21. Bb4 {0-1 (51) Bao,K (2264)-Lu,S (2416) Ho Chi Minh City 2011}) 15. Qd3 g6 {Black is slightly better.} 16. Bg5 Bc6 17. Bb3 b4 18. axb4 Qxb4 {[#]} 19. Na2 (19. d5 $1 $11 Nc5 20. Qe2 Nxd5 21. Bxd5 (21. Nxd5 exd5 22. Bxd5 Bxd5 $11) 21... exd5 22. Nxd5 Bxd5 23. Rxd5) 19... Qb7 $17 20. d5 (20. Bc4 $142) 20... Bxd5 21. Bxd5 Nxd5 ({Weaker is} 21... Qxd5 22. Qf1 $11) 22. Nc3 {[%cal Rc3d5]} Nc5 {[%cal Bd7c5,Bc5e4,Be4c3][%mdl 32]} ({Don't blunder} 22... Qxb2 $2 23. Nxd5 exd5 24. Qxd5 $18) 23. Qe2 {[#]} Nxc3 $1 24. bxc3 Ne4 {[%mdl 64] Discovered Attack} 25. Rab1 Qc6 ({Stronger than} 25... Nxc3 26. Rxb7 Nxe2+ 27. Kf1 $18) 26. Nd4 (26. Bd2 $17 {keeps fighting.}) 26... Nxc3 $19 {[%mdl 64] Double Attack} 27. Qe1 (27. Nxc6 Nxe2+ 28. Kf1 Ng3+ 29. fxg3 Rxc6 30. Rd3) 27... Qd5 {Weighted Error Value: White=0.54/Black=0.05} 0-1

[Event "EYCC Girls U16 2021"]
[Site "Tornelo"]
[Date "2021.10.15"]
[Round "7.1"]
[White "Kanyamarala, Trisha"]
[Black "Allahverdiyeva, Ayan"]
[Result "1-0"]
[WhiteElo "2082"]
[BlackElo "2051"]
[Annotator "TA"]
[PlyCount "97"]
[EventDate "2021.10.15"]
[EventType "swiss"]
[EventCountry "NET"]
[SourceTitle "playchess.com"]
[Source "ChessBase"]
[SourceQuality "1"]

{[%evp 23,97,7,24,16,11,22,0,0,50,52,50,50,71,50,72,37,33,27,81,81,79,60,97,67,68,54,54,59,60,78,58,58,116,87,114,102,120,105,110,108,124,120,100,98,151,39,107,112,212,167,254,217,320,303,343,322,481,479,555,535,568,564,849,837,820,813,938,667,658,645,2339,2195,2029,1791,1380,1279]} 1. d4 d5 2. c4 e6 3. Nc3 c5 4. cxd5 exd5 5. Nf3 Nc6 6. g3 Nf6 7. Bg2 Be7 8. O-O O-O 9. dxc5 Bxc5 10. Bg5 d4 11. Na4 Be7 12. Rc1 h6 13. Bf4 {D34: Tarrasch Defence: 6 g3 Nf6 7 Bg2 Be7.} Nd5 {[#]} 14. Be5 $146 ({Predecessor:} 14. Bd2 Re8 15. a3 Bf6 16. Re1 Bg4 17. Qc2 Rc8 18. Qd3 Rc7 19. Nc5 Rce7 20. Nxb7 Rxb7 21. Rxc6 Rxb2 22. Nxd4 {½-½ (71) Pirverdiyev,A (2414)-Nguyen Cadoret,N (2122) Wasselonne 2019}) 14... Nxe5 15. Nxe5 {The position is equal.} Nb6 (15... Bf6 $5 {[%cal Rf6e5]}) 16. Nc5 Bf6 17. Nf3 Re8 18. Qd3 g6 19. Rfd1 {[%cal Rf3d4]} Bf5 20. Qd2 Be4 (20... Rc8 $11 {remains equal.}) 21. Nxe4 $16 ({Much worse is} 21. Qxh6 $6 Bxf3 22. Bxf3 Bg5 $11) 21... Rxe4 22. Rc2 Kg7 23. Ne1 Re7 24. Nd3 Rc8 25. Nc5 Rec7 26. Rdc1 {Hoping for Bh3.} Bg5 27. f4 Bf6 (27... Be7 $14 28. Nxb7 Rxc2 29. Rxc2 Rxc2 30. Qxc2 Qd7) 28. Qd3 (28. Bxb7 Rxc5 29. Bxc8 (29. Rxc5 Rxc5 30. Rxc5 Qe7 $17) 29... Rxc8 $15) 28... Qe7 {[%cal Rc7c5] [#]} 29. Bh3 $1 {[%cal Rh3c8]} Rxc5 30. Bxc8 Rxc2 31. Rxc2 Nd5 {intending ...Nb4.} 32. a3 Ne3 33. Rc1 Qd8 (33... a5 $142 34. Bh3 b6) 34. Bh3 (34. Qb5 $16) 34... Qb6 (34... Qd5 $1 $14) 35. b4 a6 (35... a5 $16 {is a better defense.}) 36. Bg2 g5 (36... h5 $142 37. Bf3 Nf5) 37. fxg5 Bxg5 (37... hxg5 $142 38. Kh1 Kh6) 38. Rc5 Qf6 39. Bf3 Qd6 (39... Kh8 $142 40. Rc7 h5) 40. Bxb7 $18 {White is clearly winning.} Ng4 41. Bf3 Be3+ 42. Kg2 Ne5 43. Qf5 Nxf3 44. Qxf3 {KQR-KQB} d3 45. Rd5 dxe2 {White must now prevent ...Qe6.} 46. Qg4+ ({Worse is} 46. Qxe3 Qxd5+ 47. Kf2 Qh1 $11) 46... Bg5 47. Rxd6 e1=Q 48. h4 {[%mdl 64] Pin} Qe5 49. Qd4 {Weighted Error Value: White=0.21/Black=0.35} 1-0

[Event "EYCC Girls U16 2021"]
[Site "Tornelo"]
[Date "2021.10.15"]
[Round "7.2"]
[White "Bashylina, Luisa"]
[Black "Tsotsonava, Elene"]
[Result "0-1"]
[WhiteElo "2127"]
[BlackElo "1887"]
[Annotator "TA"]
[PlyCount "66"]
[EventDate "2021.10.15"]
[EventType "swiss"]
[EventCountry "NET"]
[SourceTitle "playchess.com"]
[Source "ChessBase"]
[SourceQuality "1"]

{[%evp 18,66,7,0,0,-17,-12,-12,-13,-31,-22,-36,0,-10,10,0,17,16,18,16,21,16,25,25,18,0,0,-7,0,3,32,31,31,0,9,-351,-343,-481,-459,-455,-452,-486,-482,-486,-470,-571,-567,-534,-535,-777,-536]} 1. d4 d5 2. c4 dxc4 3. e3 e5 4. Bxc4 exd4 5. exd4 Nf6 6. Nf3 Bd6 7. O-O O-O 8. Nc3 Nc6 {8...Nc6 is better than 8...Bg4.} 9. h3 h6 10. a3 Bf5 {D20: Queen's Gambit Accepted: 3 e3 and 3 e4.} 11. Nb5 a6 12. Nxd6 Qxd6 {[#] The position is equal.} 13. b4 $146 ({Predecessor:} 13. Be3 Rad8 14. Qd2 Ne4 15. Qc1 Qf6 16. d5 Ne5 17. Nxe5 Qxe5 18. Rd1 {1-0 (52) Gukesh,D (2563)-Lee,J (2404) Chess.com INT 2021}) 13... Rad8 14. Bb2 Ne7 15. Ne5 Ned5 16. Re1 Nb6 17. Bb3 Be4 18. Rc1 Bd5 19. Bc2 Nc4 20. Nxc4 Bxc4 21. Bf5 Bd5 22. Re5 c6 23. Qe2 Ra8 24. Re1 b5 25. Re7 Be6 26. d5 $2 {[%mdl 8192] [#] Loses the game.} Bxf5 $19 ({Weaker is} 26... Qxe7 27. dxe6 fxe6 28. Qc2 $11) 27. Qf3 (27. Re5 $142 Bg6 28. dxc6) 27... Nxd5 {Black is clearly winning.} 28. R7e5 Bg6 29. h4 f6 30. Re6 Qf4 31. Qb3 Qxh4 32. Rxc6 Bf7 33. Qc2 Qg4 {Weighted Error Value: White=0.49/Black=0.08} 0-1

[Event "EYCC Girls U16 2021"]
[Site "Tornelo"]
[Date "2021.10.15"]
[Round "7.3"]
[White "Follana Albelda, Lucia"]
[Black "Shpakivskaya, Alina"]
[Result "0-1"]
[WhiteElo "1904"]
[BlackElo "1875"]
[Annotator "TA"]
[PlyCount "72"]
[EventDate "2021.10.15"]
[EventType "swiss"]
[EventCountry "NET"]
[SourceTitle "playchess.com"]
[Source "ChessBase"]
[SourceQuality "1"]

{[%evp 10,72,0,-3,0,0,0,0,0,0,0,0,15,13,22,14,43,27,68,69,74,53,66,70,166,160,173,120,185,122,110,119,100,-65,-77,-72,-75,-58,-75,-88,-37,-73,-58,-62,-71,-87,-51,-61,-64,-65,0,0,0,0,0,0,-6,-75,-74,-5243,-5243,-29997,-29998,-29998,-29999]} 1. e4 e6 2. d4 d5 3. Bd3 dxe4 4. Bxe4 Nf6 5. Bf3 c5 6. Ne2 Nc6 {C01: French: Exchange Variation.} 7. Be3 cxd4 8. Nxd4 Ne5 {The position is equal.} 9. Nc3 Be7 10. Qe2 Nxf3+ 11. Qxf3 O-O 12. O-O-O {aiming for Nxe6!} Qc7 13. g4 a6 14. g5 Nd7 15. h4 {[#]} Bb4 $146 ({Predecessor:} 15... Ne5 16. Qe4 Nc4 17. Bf4 Bd6 18. Bxd6 Nxd6 19. Qe5 Nb5 20. Qxc7 Nxc7 21. Rhe1 Bd7 {1-0 (42) Sadikhov,U (2500)-Pourramezanali,A (2480) Konya 2019}) 16. Ne4 Qa5 ({Black should play} 16... f5 $14 17. gxf6 (17. Nxe6 Qc6 $11 {[%mdl 64] Pin}) 17... Nxf6) 17. Kb1 Ne5 18. Qe2 ({Better is} 18. Qg2 $18) 18... b6 (18... Bd7 $16) 19. f4 (19. a3 $1 $18 {[%cal Ra3b4]} Qd5 20. Nf6+ $1 {[%mdl 512]} (20. axb4 Qxe4 21. f3 Qd5 $16) 20... gxf6 21. gxf6) 19... Bb7 $16 {[#]} 20. Nf6+ {[%mdl 512]} gxf6 21. fxe5 $2 ({White has to play} 21. gxf6 $16 Bxh1 22. fxe5) 21... fxe5 $15 22. Nb3 Qb5 23. Qxb5 axb5 24. Rhg1 Bd5 (24... Rfc8 $17 25. Nd2 Bc5 26. Bxc5 bxc5) 25. Bxb6 Rfc8 26. a3 Bf8 27. Rde1 Rc6 28. Bf2 Rac8 $36 {[%mdl 2048] Black has good play.} 29. Na1 Bg7 (29... b4 $15 30. axb4 Bxb4 31. Rxe5 Bd6) 30. c3 $11 e4 31. Nc2 Bxc3 32. bxc3 Rxc3 33. Rc1 {[#]} (33. Re2 $11 {remains equal.}) 33... e3 $1 $17 {[%cal Re3f2]} 34. Nxe3 {[%mdl 8192]} (34. Bxe3 $17 Be4 35. Ka2 Bxc2 36. Rge1) 34... Rb3+ $19 35. Ka1 Rxa3+ 36. Kb1 Rb3+ {Quite a comeback for Black.  Weighted Error Value: White=0.60/Black=0.17} 0-1

[Event "EYCC Girls U16 2021"]
[Site "Tornelo"]
[Date "2021.10.15"]
[Round "7.4"]
[White "Mihelic, Vesna"]
[Black "Lomaia, Diana"]
[Result "1/2-1/2"]
[WhiteElo "1882"]
[BlackElo "2111"]
[Annotator "TA"]
[PlyCount "67"]
[EventDate "2021.10.15"]
[EventType "swiss"]
[EventCountry "NET"]
[SourceTitle "playchess.com"]
[Source "ChessBase"]
[SourceQuality "1"]

{[%evp 11,67,8,30,8,8,8,16,22,17,9,7,23,27,14,28,23,25,19,20,19,21,12,30,0,0,0,52,17,47,45,91,85,83,78,68,70,156,158,262,238,256,218,245,159,214,147,198,177,186,147,184,167,192,189,271,263,416,187]} 1. e4 c5 2. Nf3 d6 3. d4 cxd4 4. Qxd4 Nc6 5. Bb5 Bd7 6. Qd3 Nf6 7. c4 {B53: Sicilian: 2...d6: Lines with Qxd4.} g6 8. Nc3 Bg7 9. O-O {The position is equal.} O-O 10. h3 a6 11. Bxc6 Bxc6 12. Nd4 Rc8 13. Be3 Nd7 14. Rac1 Nc5 15. Qc2 Ne6 16. Qd2 {[#]} Qd7 $146 ({Predecessor:} 16... Qa5 17. Rfd1 Qe5 18. Nf3 Qh5 19. Nd5 Rfe8 20. Re1 Nc5 21. Bg5 Bxd5 22. exd5 e5 {1-0 (82) Kokarev,D (2598)-Sarana,A (2618) Khanty-Mansiysk 2018}) 17. Nd5 {Strongly threatening Nb6.} Bxd5 18. exd5 Nc7 (18... Nxd4 $11 19. Bxd4 Bxd4 20. Qxd4 b5) 19. Bh6 e5 {[#] And now ...Bxh6 would win.} 20. dxe6 fxe6 21. Bxg7 Qxg7 22. Nf3 Rcd8 23. Qb4 d5 (23... b5 $14) 24. Qxb7 $16 d4 (24... Rb8 $16 25. Qc6 Rxb2) 25. Rcd1 $18 e5 26. Qe4 Rde8 27. c5 Rf4 (27... Rf5 $16 28. Rfe1 Qf7) 28. Qc2 g5 (28... Qe7 $16 29. Rfe1 Rxf3) 29. Nh2 Kh8 30. g3 Rf7 31. Qe4 Qf6 32. Ng4 Qe6 (32... Qg7 {might work better.} 33. Rfe1 Rfe7) 33. Rfe1 Rfe7 {[#]} (33... Qf5 {keeps fighting.} 34. Re2 (34. Nxe5 Qxf2+ 35. Kh1 Rfe7 $16) 34... Qxe4 35. Rxe4 Rfe7) 34. a3 {Weighted Error Value: White=0.13/Black=0.29} (34. Rxd4 $142 $1 {[%mdl 512]} Qxa2 35. Rd6) 1/2-1/2

[Event "EYCC Girls U16 2021"]
[Site "Tornelo"]
[Date "2021.10.15"]
[Round "7.5"]
[White "Zvereva, Margarita"]
[Black "Kara, Gulce Nehir"]
[Result "1-0"]
[WhiteElo "2013"]
[BlackElo "1766"]
[Annotator "TA"]
[PlyCount "67"]
[EventDate "2021.10.15"]
[EventType "swiss"]
[EventCountry "NET"]
[SourceTitle "playchess.com"]
[Source "ChessBase"]
[SourceQuality "1"]

{[%evp 23,67,46,45,44,45,48,47,48,48,46,208,214,208,219,212,126,139,93,205,166,181,177,177,179,270,232,637,662,646,501,484,477,491,420,441,420,553,506,664,657,640,638,616,612,1015,1008]} 1. e4 c5 2. Nf3 e6 3. d4 cxd4 4. Nxd4 a6 5. c4 Nf6 6. Nc3 Qc7 7. Be2 Be7 8. O-O O-O 9. Be3 b6 10. f3 Bb7 11. Qd2 d6 12. Rfc1 Nbd7 13. b4 {B41: Sicilian: Kan Variation: 5 c4.} Rac8 14. Rab1 Qb8 15. Na4 {White is slightly better.} Bd8 16. Kh1 {[#]} d5 $146 {[#]} ({Black should play} 16... Be7 $14) ({Predecessor:} 16... Re8 17. Bg1 Bc7 18. Rc2 Red8 19. Qc1 h5 20. c5 b5 21. c6 bxa4 22. cxb7 Qxb7 23. Nc6 Re8 24. Na7 d5 25. Nxc8 Rxc8 26. b5 {1-0 (26) Leks,H (2145)-Nasuta,G (2044) Warsaw 2009}) 17. exd5 $1 $18 exd5 18. c5 b5 19. c6 bxa4 $16 20. b5 (20. cxd7 $6 Nxd7 21. Rxc8 Qxc8 $11) 20... a5 21. cxb7 Rxc1+ 22. Rxc1 ({Don't take} 22. Qxc1 $6 Bb6 $14) 22... Qxb7 {[#]} 23. Nf5 $1 Bb6 {[#]} (23... g6 {was called for.}) 24. Bh6 $1 $18 {[%mdl 512]} g6 (24... Ne8) 25. Bxf8 Nxf8 {[#]} 26. Qh6 $1 {[%csl Gf5][%cal Rh6g7]} gxf5 27. Qxf6 Be3 28. Rd1 Qd7 29. Qc6 Qxc6 30. bxc6 {And now c7 would win.White is clearly winning.} Bb6 31. Rxd5 Ne6 32. Rb5 Bc7 33. Rb7 Bd6 34. Rd7 {Weighted Error Value: White=0.15/Black=0.63} 1-0

[Event "EYCC Girls U16 2021"]
[Site "Tornelo"]
[Date "2021.10.15"]
[Round "7.6"]
[White "Hakobyan, Astghik"]
[Black "Sulyok, Eszter"]
[Result "1-0"]
[WhiteElo "2017"]
[BlackElo "1913"]
[Annotator "TA"]
[PlyCount "93"]
[EventDate "2021.10.15"]
[EventType "swiss"]
[EventCountry "NET"]
[SourceTitle "playchess.com"]
[Source "ChessBase"]
[SourceQuality "1"]

{[%evp 17,93,0,10,-27,-8,-11,14,0,12,0,25,37,79,81,140,86,93,20,62,69,77,61,181,206,213,216,255,255,257,256,343,344,348,343,930,319,307,306,305,297,283,265,330,305,333,272,299,301,299,306,392,375,426,416,518,366,391,364,562,550,550,524,1785,1697,1637,1504,2744,2035,2680,2710,2457,2498,2432,2401,2468,2014,1967,1812]} 1. e4 c5 2. Nf3 e6 3. d3 d5 4. Nbd2 Nc6 5. g3 Bd6 6. Bg2 Nge7 7. O-O O-O 8. Re1 Qc7 9. Qe2 f6 10. h4 {A08: King's Indian Attack.} Bd7 11. c3 a5 12. a4 {[#] The position is equal.} Rae8 $146 ({Predecessor:} 12... Rad8 13. h5 Qb6 14. Nf1 d4 15. N1d2 Qc7 16. Nc4 e5 17. Nh4 Be6 18. g4 Bxc4 19. dxc4 {½-½ (42) Schwarz,F (2205)-Richard,P (2150) IECG email 1999}) 13. h5 Rc8 14. Nb1 Kh8 15. Na3 Nd8 ({Black should play} 15... Qb6) 16. b3 (16. Nb5 $142 Bxb5 17. axb5) 16... Nf7 17. Bh3 (17. Nb5 $16 Qb6 18. Nxd6 Qxd6 19. d4) 17... Rce8 18. Nb5 Bxb5 19. axb5 Ng8 {White leaves nothing to chance now.} (19... e5 $1 $14) 20. exd5 $18 e5 21. Nh4 Ne7 22. c4 b6 23. Kg2 Nd8 24. Qe4 Nf7 25. Be6 Nd8 $2 {[#]} (25... f5 26. Nxf5 Nxf5) 26. Bf5 $2 (26. Ng6+ $1 {[%mdl 512]} Nxg6 27. hxg6) 26... Nxf5 27. Qxf5 ({Don't do} 27. Nxf5 $6 Rg8 $18) 27... Kg8 28. Re4 Rf7 29. Rg4 Qd7 30. h6 {Hoping for hxg7.} g5 31. Qxd7 Rxd7 32. f4 exf4 33. gxf4 Nf7 34. fxg5 Ne5 35. Re4 Kf8 36. d4 cxd4 37. Nf5 Nd3 (37... Ng6 $142) 38. Rxe8+ {White is clearly winning.} Kxe8 39. g6 Nf4+ 40. Bxf4 Bxf4 {[%mdl 4096] Endgame KRB-KRN} 41. Ng7+ Ke7 42. gxh7 Rd8 43. Ne6 {[%mdl 64] [#] Double Attack} Rh8 44. Nxf4 {Intending Ng6+ and mate.} Rxh7 45. Rh1 Kd6 46. Ne6 d3 47. Kf3 {Weighted Error Value: White=0.32/Black=0.41} 1-0

[Event "EYCC Girls U16 2021"]
[Site "Tornelo"]
[Date "2021.10.15"]
[Round "7.7"]
[White "Pipiras, Filipa Fortuna"]
[Black "Naymanova, Patricie"]
[Result "1-0"]
[WhiteElo "1995"]
[BlackElo "1894"]
[Annotator "TA"]
[PlyCount "69"]
[EventDate "2021.10.15"]
[EventType "swiss"]
[EventCountry "NET"]
[SourceTitle "playchess.com"]
[Source "ChessBase"]
[SourceQuality "1"]

{[%evp 9,69,64,70,67,70,70,73,60,71,62,63,67,70,63,69,45,90,90,91,70,75,79,131,140,133,140,133,134,135,125,122,58,55,65,22,-43,213,215,231,104,234,245,239,238,241,227,232,229,252,242,428,387,657,650,599,598,1029,1022,1356,1325,1606,1628]} 1. d4 d5 2. c4 e5 3. dxe5 d4 4. Nf3 Nc6 5. a3 Nge7 6. b4 {[%cal Bb2b4,Bb4b5][%mdl 32] D08: Albin Counter Gambit.} Ng6 7. Bb2 a5 8. b5 {White is better.} Ncxe5 9. Nxe5 Nxe5 10. e3 Be6 11. Bxd4 Nxc4 12. Qc2 Qd5 13. Nc3 $36 {[%mdl 2048] Keeping Black busy.} Qg5 14. f4 {[#]} Qg4 $146 ({Predecessor:} 14... Qe7 15. Nd5 Bxd5 16. Bxc4 Qe4 17. Qxe4+ Bxe4 18. Kf2 Bd6 19. Rhd1 Ke7 20. Bd3 Bxd3 21. Rxd3 {1-0 (38) Krantz,C (2252)-Brustkern,J (2237) Sweden 2013}) 15. Kf2 Nxa3 ({Black should play} 15... Nd6) 16. Qa4 $1 $16 Qh4+ 17. g3 Qe7 18. Bg2 Qb4 19. Bxb7 Rd8 {Threatening ...Rxd4!} 20. Qd1 (20. Bc6+ $16 Bd7 21. b6 cxb6 22. Bxd7+ Rxd7 23. Qc6) 20... Be7 $14 21. Bc6+ Kf8 22. Qf3 ({Better is} 22. Qd3 $11) 22... Bc4 $2 {[%mdl 8192] [#]} (22... Nc2 $15 23. Ra4 Nxd4 24. exd4 Qb3) 23. Rhd1 $1 $18 Nc2 {[#]} 24. Ra4 (24. Rab1 $1 $18 {[%cal Rb1b4] is the precise move to win.} Nxd4 25. Rxb4 Nxf3 26. Rxc4) 24... Nxd4 (24... Qb2 $16 {keeps fighting.} 25. Rb1 (25. Bxg7+ $2 Kxg7 26. Qg4+ Kf8 $19) 25... Nxd4+ 26. Rxb2 Nxf3 27. Rxc4 Nd2) 25. Rxb4 Nxf3 26. Rxd8+ ({Resist} 26. Rxc4 $6 Nxh2 27. Rxd8+ Bxd8) 26... Bxd8 27. Rxc4 Nxh2 28. Rd4 Bf6 {[#]} 29. Rd7 {Strongly threatening Nd5.} g6 $2 (29... g5 {was called for.}) 30. Ne4 Bb2 $2 (30... Kg7 31. Rxc7 Rb8) 31. Rxc7 {White is clearly winning.} Kg7 32. b6 Bc1 33. Bd5 Ng4+ 34. Kf3 Nxe3 35. Bxf7 {Weighted Error Value: White=0.16/Black=0.47} 1-0

[Event "EYCC Girls U16 2021"]
[Site "Tornelo"]
[Date "2021.10.15"]
[Round "7.8"]
[White "Volovich, Julia"]
[Black "Batagan, Ilinca-Petra"]
[Result "1/2-1/2"]
[WhiteElo "1742"]
[BlackElo "1977"]
[Annotator "TA"]
[PlyCount "127"]
[EventDate "2021.10.15"]
[EventType "swiss"]
[EventCountry "NET"]
[SourceTitle "playchess.com"]
[Source "ChessBase"]
[SourceQuality "1"]

{[%evp 22,127,43,14,24,18,27,16,34,-13,-16,-25,-18,-23,-14,-89,-60,-70,-75,-74,-74,-77,-61,-74,-26,-35,-37,-36,-28,-69,-42,-49,-55,-76,-41,-48,-35,-41,-30,-74,-77,-86,-74,-74,-74,-104,-105,-94,-107,-137,-127,-127,-83,-83,-74,-75,-69,-75,-91,-114,-107,-128,-114,-137,-137,-245,-245,-233,-233,-407,-135,-131,-140,-136,-136,-400,-400,-400,-398,-307,-281,-456,-279,-775,-793,-529,-339,-268,-206,-206,-198,-206,-206,-206,-206,-206,-206,-29967,-29968,-29957,-10654,-6958,-6087,-7790,-206,-206,-198,-198]} 1. d4 d5 2. c4 e6 3. Nc3 Nf6 4. cxd5 exd5 5. Bg5 Be7 6. e3 O-O 7. Bd3 h6 8. Bh4 b6 9. Nf3 Bb7 10. O-O Nbd7 11. Qc2 c5 12. Rad1 c4 {was the old line (12...Re8). D55: Queen's Gambit Declined: 4 Bg5 Be7: Lines without ...h6 and 6...h6 7 Bxf6.} 13. Bf5 Ne8 14. Bg3 {[#]} Nd6 $146 {The position is equal.} ({Predecessor:} 14... Ndf6 15. Bh3 Nd6 16. Bxd6 Bxd6 17. Ne5 Qe8 18. f4 b5 19. Ne2 Bc8 20. Ng3 Bxh3 21. gxh3 {½-½ (67) Stauskas,L (2321)-Mickevicius,J (2285) Lithuania 2018}) 15. Bxd7 (15. Bxd6 $5 Bxd6 16. e4 $14) 15... Qxd7 16. Ne5 Qd8 17. f3 b5 18. Ne2 (18. e4 $11) 18... Rc8 19. Be1 a5 20. a3 Re8 21. Ng3 Bf6 22. Nf5 Bxe5 (22... Ra8 {seems wilder.} 23. Bg3 Nxf5 24. Qxf5 Bc8 25. Qc2 Be6) 23. dxe5 Nxf5 24. Qxf5 Qb6 25. Bf2 Qc7 26. Bg3 Qc5 27. Bf2 Qe7 28. f4 b4 29. axb4 axb4 30. e4 Qe6 31. Qxe6 fxe6 32. exd5 Bxd5 33. Bd4 c3 34. bxc3 bxc3 {[%cal Bb4c3,Bc3c2][%mdl 32]} 35. Rc1 c2 36. Rf2 Bb3 37. Rd2 Red8 38. Kf2 Kf7 39. g4 h5 40. gxh5 {[#]} Rh8 $1 41. Rd3 Ba4 42. Ra3 Rc4 43. Ke3 (43. Be3 $17 {keeps fighting.}) 43... Rxh5 $19 {...Rh3+ is the strong threat.} 44. Kd3 Bb5 45. Ra7+ $2 {[#]} (45. Rc3 Rb4+ 46. Ke4) 45... Rc7+ $2 (45... Kg6 $1 $19 {has better winning chances. Hoping for ...Rh3+.} 46. Bg1 Rh8) 46. Ke4 $17 Rxa7 47. Bxa7 Rxh2 {[%mdl 4096] Endgame KRB-KRB} 48. f5 $2 {[%mdl 8192] Now White is beyond hope.} (48. Kd4 $17 {was necessary.}) 48... exf5+ $19 49. Kxf5 Bd3+ 50. Kf4 Ke6 51. Bd4 $2 (51. Be3 {might work better.}) 51... Re2 {White must now prevent ...Re4+.} 52. Be3 $2 (52. Bc3) 52... g5+ 53. Kf3 g4+ 54. Kf4 g3 55. Kf3 Kf5 56. Ra1 g2 57. Rc1 Kxe5 58. Rg1 Kd5 59. Kf4 (59. Bc1 $19) 59... Be4 60. Rc1 Bg6 61. Rg1 Kc4 62. Bc1 Rf2+ $2 (62... Kd3 {aiming for ...Be4.} 63. Kg3 Be4) 63. Kg3 Rf1 64. Kxg2 {Weighted Error Value: White=0.58/Black=0.35} 1/2-1/2

[Event "EYCC Girls U16 2021"]
[Site "Tornelo"]
[Date "2021.10.15"]
[Round "7.9"]
[White "Tokmakova, Ulyana"]
[Black "Russeva, Viktoria"]
[Result "1-0"]
[WhiteElo "1977"]
[BlackElo "1713"]
[Annotator "TA"]
[PlyCount "63"]
[EventDate "2021.10.15"]
[EventType "swiss"]
[EventCountry "NET"]
[SourceTitle "playchess.com"]
[Source "ChessBase"]
[SourceQuality "1"]

{[%evp 16,63,10,5,11,0,0,-3,-4,-6,0,0,42,0,5,4,8,0,0,0,0,0,0,0,0,0,5,0,46,62,56,52,50,2,162,147,235,190,156,169,168,170,159,170,245,235,1873,1833,1487,1417]} 1. c4 Nf6 2. Nc3 e6 3. e4 d5 4. e5 d4 5. exf6 dxc3 6. bxc3 Qxf6 7. d4 b6 8. Nf3 Bb7 9. Be2 h6 {A18: English Opening: Flohr-Mikenas System (1 c4 Nf6 2 Nc3 e6 3 e4).} 10. O-O Bd6 11. Re1 O-O {[#] The position is equal.} 12. Be3 $146 ({Predecessor:} 12. Qc2 Nc6 13. Rb1 Rab8 14. Nd2 Na5 15. Bd3 Qh4 16. h3 Qf4 17. Nf3 Qf6 18. Ne5 Bxe5 19. Rxe5 {½-½ (27) Maladkar,R (1547)-Ross,S (1632) Hull 2019}) 12... Nc6 13. Qc1 Ba6 14. Nd2 Rac8 15. Qc2 Na5 16. Qe4 c5 17. Bd3 {[%csl Gd3][%cal Re4h7]} Qf5 18. Qxf5 exf5 19. Bxf5 Rc7 20. Ne4 cxd4 21. Bxd4 Ba3 22. c5 $1 {[%cal Rc5b6]} bxc5 23. Be5 Rc6 24. Rad1 {Bd7 is the strong threat.} (24. Bd6 $5 {[%cal Rd6f8]} Rd8 25. Be7 $14) 24... Bc8 {[#] Loses the game.} (24... Nc4 $11 {and Black is okay.} 25. Bg3 Nb2) 25. Nd6 $1 $36 {[%mdl 2048] White is on the roll.} Ba6 (25... Bxf5 $16 {was necessary.} 26. Nxf5 Re8) 26. Bd7 Rb6 27. Nf5 Nc4 28. Bxg7 {[%mdl 64] Double Attack} Rd8 {With the idea ...Nb2.} 29. Bxh6 {aiming for Rd3.} Nb2 (29... Ne5 $142) 30. Bg5 f6 $2 (30... Rdb8) 31. Be6+ {[%mdl 64] [#] Discovered Attack} Rxe6 32. Rxd8+ {Weighted Error Value: White=0.08/Black=0.25} 1-0